000 00765cam a22002651a 4500
999 _c8011
_d8011
001 8011
003 BD-JhCC
005 20180217140654.0
008 741203s1944 ilua b 001 0 eng
035 _a(BD-JhCC)8011
040 _aDLC
_cOT
_dPPiU
_dDLC
_dBD-JhCC
041 _aeng
050 0 0 _aZ695
_b.A31 1944
082 1 _a025.3
_bAKE 1944
100 1 _aAkers, Susan Grey,
_d1889-
245 1 0 _aSimple library cataloging /
_cby Susan Grey Akers.
250 _a3rd ed.
260 _aChicago :
_bAmerican Library Association,
_c1944.
300 _a197 p. :
_bill. ;
_c25 cm.
504 _a"Aids in the cataloging of a small library": p. 186-190.
650 0 _aCataloging.
710 2 _aAmerican Library Association.
942 _2ddc
_cBK